[Event "Wch U20 Girls 38th"]
[Site "Cala Gonone"]
[Date "2022.10.19"]
[Round "8"]
[White "Shaw, Laurie Ann"]
[Black "Ruiz Villalba, Andrea"]
[Result "0-1"]
[WhiteElo "1409"]
[BlackElo "1764"]
[PlyCount "70"]
[EventDate "2022.10.12"]
[EventType "swiss"]
[EventRounds "11"]
[EventCountry "ITA"]
[SourceTitle "CBM 210 Extra"]
[Source "ChessBase"]
[SourceDate "2022.11.30"]
[SourceVersion "1"]
[SourceVersionDate "2022.11.30"]
[SourceQuality "1"]

1. d4 Nf6 2. c4 g6 3. Nf3 Bg7 4. g3 0-0 5. Bg2 d5 6. cxd5 Nxd5 7. e4 Nb6 8. 0-0 Nc6 9. Be3 Nc4 10. Qc2 Nxe3 11. fxe3 Bh6 12. Re1 Qd6 13. a3 Bg4 14. Nc3 Bxf3 15. Bxf3 e5 16. Rad1 exd4 17. Nd5 Ne5 18. Bg2 d3 19. Qf2 c6 20. Nf4 Rad8 21. Rd2 g5 22. Nh5 Qg6 23. Nf6+ Kg7 24. Rf1 Rd6 25. Qf5 Qxf6 26. b3 Qxf5 27. exf5 g4 28. Kf2 Re8 29. Rfd1 Kf6 30. Bf1 Red8 31. a4 Kxf5 32. h3 Ke4 33. Re1 Rf6+ 34. Kg1 Nf3+ 35. Kh1 Nxd2 0-1

[Event "Wch U20 Girls 38th"]
[Site "Cala Gonone"]
[Date "2022.10.12"]
[Round "1"]
[White "Aubert, Estee"]
[Black "Shaw, Laurie Ann"]
[Result "1-0"]
[WhiteElo "2019"]
[BlackElo "1409"]
[PlyCount "33"]
[EventDate "2022.10.12"]
[EventType "swiss"]
[EventRounds "11"]
[EventCountry "ITA"]
[SourceTitle "CBM 210 Extra"]
[Source "ChessBase"]
[SourceDate "2022.11.30"]
[SourceVersion "1"]
[SourceVersionDate "2022.11.30"]
[SourceQuality "1"]

1. d4 Nf6 2. Bf4 c5 3. e3 Qb6 4. Nc3 cxd4 5. exd4 Nc6 6. Nf3 a6 7. Qd2 d5 8. Be2 Qxb2 9. 0-0 Ne4 10. Nxe4 dxe4 11. Rfb1 Qa3 12. Ng5 e5 13. dxe5 Bf5 14. Bc4 Bg6 15. e6 fxe6 16. Nxe6 b5 17. Nc7+ 1-0

[Event "Antwerp World Uni op (Women)"]
[Site "Antwerp"]
[Date "2022.09.12"]
[Round "1"]
[White "Djidjeli, Sarah"]
[Black "Shaw, Laurie Ann"]
[Result "1-0"]
[WhiteElo "2070"]
[BlackElo "1412"]
[PlyCount "205"]
[EventDate "2022.09.12"]
[EventType "swiss"]
[EventRounds "9"]
[EventCountry "BEL"]
[SourceTitle "CBM 210 Extra"]
[Source "ChessBase"]
[SourceDate "2022.11.30"]
[SourceVersion "1"]
[SourceVersionDate "2022.11.30"]
[SourceQuality "1"]

1. e4 c5 2. Nf3 Nc6 3. Bb5 g6 4. 0-0 Bg7 5. d3 e6 6. Bxc6 bxc6 7. e5 Ne7 8. Nc3 d6 9. exd6 Qxd6 10. Ne4 Qd5 11. c4 Qd8 12. Nxc5 0-0 13. d4 Nf5 14. Be3 Qb6 15. Qc2 e5 16. Na4 Qc7 17. Nxe5 Nxe3 18. fxe3 Bxe5 19. dxe5 Qxe5 20. Qc3 Qg5 21. Rf3 Bf5 22. Raf1 Be4 23. Rg3 Qe7 24. b4 Rad8 25. Nc5 Rfe8 26. Rg4 Bd3 27. Re1 Bf5 28. Rg3 a5 29. a3 axb4 30. axb4 Qh4 31. Rf1 Be6 32. e4 Qh6 33. Rgf3 Qd2 34. Qxd2 Rxd2 35. Nxe6 Rxe6 36. Rxf7 Rxe4 37. R7f4 Rdd4 38. Rxe4 Rxe4 39. Rc1 Kf7 40. Kf2 Kf6 41. Kf3 Kf5 42. g3 g5 43. b5 cxb5 44. cxb5 Rb4 45. Rc5+ Kf6 46. Rc6+ Kf5 47. Rc5+ Kf6 48. Ke3 h5 49. Rc6+ Ke5 50. b6 h4 51. gxh4 gxh4 52. Kd3 Kd5 53. Rh6 Kc5 54. Ke3 Rxb6 55. Rxh4 Rb1 56. Rh6 Kd5 57. Kf4 Rf1+ 58. Kg5 Ke5 59. Ra6 Rg1+ 60. Kh5 Kf5 61. h4 Rg2 62. Kh6 Rg1 63. Ra8 Kf6 64. Rf8+ Ke7 65. Rf4 Rg2 66. h5 Rg1 67. Kh7 Rg2 68. h6 Rg1 69. Ra4 Kf7 70. Rf4+ Ke7 71. Kh8 Rg2 72. Kh7 Rg1 73. Rf3 Rg2 74. Ra3 Kf7 75. Ra7+ Kf6 76. Rg7 Rh2 77. Rg3 Kf7 78. Rf3+ Ke7 79. Rf4 Rg2 80. Ra4 Kf7 81. Ra7+ Kf6 82. Rg7 Rh2 83. Rg4 Kf7 84. Rf4+ Ke7 85. Kg7 Rg2+ 86. Kh8 Rg1 87. Ra4 Kf7 88. Ra7+ Kf8 89. Rg7 Rh1 90. h7 Rh2 91. Rg4 Rh1 92. Rf4+ Ke7 93. Kg7 Rg1+ 94. Kh6 Rh1+ 95. Kg6 Ke8 96. Rf5 Rg1+ 97. Rg5 Rh1 98. Rh5 Rg1+ 99. Kf5 Rf1+ 100. Kg4 Rg1+ 101. Kf3 Rf1+ 102. Kg2 Rf8 103. h8Q 1-0

[Event "World Cup U18 Girls Prel"]
[Site "Tornelo INT"]
[Date "2021.08.01"]
[Round "2"]
[White "Poorna, Sri MK"]
[Black "Shaw, Laurie Ann"]
[Result "1-0"]
[WhiteElo "1904"]
[BlackElo "1408"]
[PlyCount "61"]
[EventDate "2021.08.01"]
[EventType "swiss (rapid)"]
[EventRounds "10"]
[EventCountry "NET"]
[SourceTitle "EXT 2024"]
[Source "ChessBase"]
[SourceDate "2023.10.10"]
[SourceVersion "1"]
[SourceVersionDate "2023.10.10"]
[SourceQuality "1"]

1. e4 c5 2. Nf3 Nc6 3. Bb5 e6 4. 0-0 Nge7 5. c3 a6 6. Ba4 b5 7. Bc2 d5 8. exd5 Nxd5 9. a4 Bb7 10. d3 Bd6 11. Nbd2 0-0 12. Ne4 Ne5 13. Nxe5 Bxe5 14. Qh5 Qc7 15. Ng5 h6 16. Nf3 Nf6 17. Qxe5 Qc6 18. Bxh6 Rad8 19. Bxg7 Kxg7 20. Qg5+ Kh7 21. Qxf6 Rh8 22. d4+ Kg8 23. Qxd8+ Kg7 24. Qg5+ Kf8 25. Qxc5+ Ke8 26. Qxc6+ Bxc6 27. axb5 axb5 28. Ra6 Bd5 29. Bb3 Be4 30. Ng5 Bd3 31. Ra8+ 1-0

[Event "World Cup U18 Girls Prel"]
[Site "Tornelo INT"]
[Date "2021.08.01"]
[Round "9"]
[White "Ramanayake, Nemindi Linaya"]
[Black "Shaw, Laurie Ann"]
[Result "0-1"]
[WhiteElo "1345"]
[BlackElo "1408"]
[PlyCount "118"]
[EventDate "2021.08.01"]
[EventType "swiss (rapid)"]
[EventRounds "10"]
[EventCountry "NET"]
[SourceTitle "EXT 2024"]
[Source "ChessBase"]
[SourceDate "2023.10.10"]
[SourceVersion "1"]
[SourceVersionDate "2023.10.10"]
[SourceQuality "1"]

1. e4 c5 2. Nf3 Nc6 3. d4 cxd4 4. Nxd4 g6 5. Nc3 Bg7 6. Be3 Nf6 7. Be2 0-0 8. 0-0 d5 9. exd5 Nxd5 10. Nxd5 Qxd5 11. Bf3 Qd6 12. Nxc6 bxc6 13. Qxd6 exd6 14. Bxc6 Rb8 15. Rab1 Bf5 16. Bxa7 Rbc8 17. Ba4 Ra8 18. Bb3 Rxa7 19. Rfd1 Rd8 20. Rd2 Rc7 21. f3 Be6 22. Bxe6 fxe6 23. a4 d5 24. Re2 Kf7 25. c3 Ra8 26. Rbe1 Rc6 27. Ra1 Rca6 28. Rae1 e5 29. Rd2 d4 30. cxd4 exd4 31. b3 Rb8 32. Rde2 Rxb3 33. Re7+ Kf6 34. a5 Bh6 35. R7e4 Be3+ 36. Kf1 Rxa5 37. g3 Ra2 38. Re2 Rxe2 39. Kxe2 Rb2+ 40. Kd3 Rxh2 41. g4 Rf2 42. f4 Rxf4 43. Re8 Rxg4 44. Rf8+ Kg5 45. Ra8 h5 46. Ra5+ Kh4 47. Ra1 Rg3 48. Rh1+ Rh3 49. Rb1 g5 50. Rb7 g4 51. Rb5 g3 52. Ke2 g2 53. Rb1 g1Q 54. Rxg1 Bxg1 55. Ke1 Kg4 56. Kf1 Kf3 57. Ke1 Rh2 58. Kd1 Be3 59. Ke1 Rh1# 0-1

[Event "World Cup U18 Girls Prel"]
[Site "Tornelo INT"]
[Date "2021.08.01"]
[Round "1"]
[White "Shaw, Laurie Ann"]
[Black "Bristy, Mukherjee"]
[Result "0-1"]
[WhiteElo "1408"]
[BlackElo "1924"]
[PlyCount "98"]
[EventDate "2021.08.01"]
[EventType "swiss (rapid)"]
[EventRounds "10"]
[EventCountry "NET"]
[SourceTitle "EXT 2024"]
[Source "ChessBase"]
[SourceDate "2023.10.10"]
[SourceVersion "1"]
[SourceVersionDate "2023.10.10"]
[SourceQuality "1"]

1. d4 f5 2. c4 Nf6 3. g3 e6 4. Nc3 Be7 5. Bg2 d6 6. Nh3 0-0 7. 0-0 Qe8 8. e4 e5 9. d5 fxe4 10. Ng5 Bg4 11. Qc2 Qh5 12. h3 Bf3 13. Ne6 Rc8 14. Nb5 Na6 15. Be3 Bxg2 16. Kxg2 Qf3+ 17. Kg1 Qf5 18. g4 Qg6 19. Kh2 c6 20. Nxa7 Rxa7 21. Bxa7 cxd5 22. Qb3 Nxg4+ 23. hxg4 Qh6+ 24. Kg2 Qxe6 25. Qxb7 Qxg4+ 26. Kh1 Rf8 27. Qxe7 Qh3+ 28. Kg1 Qg4+ 29. Kh2 Qf4+ 30. Kg1 h6 31. Be3 Qg4+ 32. Kh1 Rf5 33. Qe6+ Kh7 34. Qxf5+ Qxf5 35. cxd5 h5 36. a4 h4 37. a5 Qh3+ 38. Kg1 Nb4 39. a6 Qg4+ 40. Kh1 h3 41. Rg1 Qf3+ 42. Kh2 Nc2 43. a7 Nxe3 44. Rg3 Qxf2+ 45. Kh1 Qxg3 46. Rg1 Qf3+ 47. Kh2 Qf2+ 48. Kh1 Nf1 49. a8Q Qh2# 0-1

[Event "World Cup U18 Girls Prel"]
[Site "Tornelo INT"]
[Date "2021.08.01"]
[Round "6"]
[White "Shaw, Laurie Ann"]
[Black "Kazi Zarin, Tasnim"]
[Result "0-1"]
[WhiteElo "1408"]
[BlackElo "1822"]
[PlyCount "78"]
[EventDate "2021.08.01"]
[EventType "swiss (rapid)"]
[EventRounds "10"]
[EventCountry "NET"]
[SourceTitle "EXT 2024"]
[Source "ChessBase"]
[SourceDate "2023.10.10"]
[SourceVersion "1"]
[SourceVersionDate "2023.10.10"]
[SourceQuality "1"]

1. d4 d5 2. c4 c6 3. Nc3 Nf6 4. Nf3 e6 5. cxd5 exd5 6. Bg5 Nbd7 7. e3 h6 8. Bh4 Be7 9. Bd3 0-0 10. Qc2 b6 11. 0-0 Bb7 12. Rab1 c5 13. Na4 Ne4 14. Bxe7 Qxe7 15. Bxe4 dxe4 16. Nd2 cxd4 17. exd4 e3 18. Nf3 Bxf3 19. gxf3 Rfe8 20. Rbe1 exf2+ 21. Qxf2 Qg5+ 22. Kh1 Qa5 23. Nc3 Nf6 24. Qg3 Qb4 25. Rg1 g6 26. Qf2 Red8 27. Rd1 Rd6 28. Ne4 Re6 29. Nxf6+ Rxf6 30. Qe3 Rd8 31. d5 Rf5 32. Qxh6 Rxf3 33. Rxg6+ fxg6 34. Qxg6+ Kf8 35. Qh6+ Ke8 36. Qg6+ Rf7 37. Qg8+ Ke7 38. Qg5+ Kd7 39. Qe5 Qd6 0-1

[Event "Wch FIDE Online U18 Girls"]
[Site "Tornelo INT"]
[Date "2020.12.19"]
[Round "1.2"]
[White "Shaw, Laurie Ann"]
[Black "Yip, Carissa"]
[Result "0-1"]
[WhiteElo "1408"]
[BlackElo "2421"]
[PlyCount "62"]
[EventDate "2020.12.19"]
[EventType "k.o. (rapid)"]
[EventRounds "4"]
[EventCountry "ISS"]
[SourceTitle "EXT 2022"]
[Source "ChessBase"]
[SourceDate "2021.10.06"]
[SourceVersion "1"]
[SourceVersionDate "2021.10.06"]
[SourceQuality "1"]

1. d4 g6 2. c4 Bg7 3. Nc3 Nf6 4. e4 0-0 5. Be2 d6 6. Nf3 e5 7. 0-0 Nc6 8. d5 Ne7 9. Ne1 Ne8 10. Be3 f5 11. f3 f4 12. Bf2 g5 13. b4 h5 14. c5 Rf6 15. Rc1 Rg6 16. cxd6 cxd6 17. Rc2 g4 18. Kh1 g3 19. Bg1 Bf8 20. Qc1 Rg7 21. Nb5 Bd7 22. Nc7 Nxc7 23. Rxc7 Rc8 24. Rxc8 Nxc8 25. Qc2 Nb6 26. Nd3 Qg5 27. Ne1 h4 28. Bd3 h3 29. Qe2 hxg2+ 30. Qxg2 Qh6 31. Nc2 Bh3 0-1

[Event "Wch FIDE Online U18 Girls Africa qual"]
[Site "Tornelo INT"]
[Date "2020.11.29"]
[Round "3"]
[White "Ayed, Ranim"]
[Black "Shaw, Laurie Ann"]
[Result "0-1"]
[WhiteElo "1372"]
[BlackElo "1408"]
[PlyCount "74"]
[EventDate "2020.11.28"]
[EventType "swiss (rapid)"]
[EventRounds "7"]
[EventCountry "ISS"]
[SourceTitle "EXT 2022"]
[Source "ChessBase"]
[SourceDate "2021.10.06"]
[SourceVersion "1"]
[SourceVersionDate "2021.10.06"]
[SourceQuality "1"]

1. Nf3 c5 2. g3 Nc6 3. Bg2 d5 4. 0-0 Bf5 5. d3 e6 6. Nbd2 Bd6 7. e4 Bg6 8. Re1 Nge7 9. b3 0-0 10. Bb2 b5 11. Nh4 Rc8 12. Nxg6 Nxg6 13. exd5 exd5 14. Bxd5 Be5 15. Bxe5 Qxd5 16. Bb2 Nd4 17. a4 Ne5 18. Bxd4 Qxd4 19. axb5 Ng4 20. Qe2 h5 21. h3 Nf6 22. Rxa7 Rce8 23. Re7 Rxe7 24. Qxe7 Qc3 25. Qe2 Qxc2 26. Kf1 Re8 27. Qd1 Qxd3+ 28. Kg2 Rd8 29. Re2 Qxb5 30. Qc1 Qxe2 31. Nc4 Qe4+ 32. Kg1 Qd4 33. Qe1 Qd1 34. Kf1 Qxb3 35. Qe2 Rd1+ 36. Kg2 Qb7+ 37. Kh2 Qh1# 0-1

[Event "RSA-ch U20 Girls"]
[Site "Cape Town"]
[Date "2019.12.08"]
[Round "3"]
[White "Claassen, Anke"]
[Black "Shaw, Laurie Ann"]
[Result "0-1"]
[WhiteElo "1294"]
[BlackElo "1314"]
[PlyCount "88"]
[EventDate "2019.12.07"]
[EventType "tourn"]
[EventRounds "10"]
[EventCountry "RSA"]
[SourceTitle "CBM 193 Extra"]
[Source "ChessBase"]
[SourceDate "2020.01.31"]
[SourceVersion "1"]
[SourceVersionDate "2020.01.31"]
[SourceQuality "1"]

1. e4 c5 2. Nc3 Nc6 3. Bc4 g6 4. f4 Bg7 5. Nf3 e6 6. 0-0 Nge7 7. d3 0-0 8. Qe1 d5 9. Bb3 Nd4 10. Nxd4 cxd4 11. Ne2 dxe4 12. dxe4 b5 13. Ng3 Qc7 14. Qe2 a5 15. a3 Ba6 16. Qd1 a4 17. Ba2 b4 18. Re1 bxa3 19. Bb1 axb2 20. Bxb2 Qb6 21. Bc1 d3+ 22. Be3 Bd4 23. Qd2 Bxe3+ 24. Qxe3 Qxe3+ 25. Rxe3 d2 26. Ba2 Rfc8 27. c3 Rab8 28. Rd1 Rb2 29. Bb1 a3 30. Bd3 Bxd3 31. Rxd3 a2 32. Kf2 Rb1 33. R3xd2 a1Q 34. Rxb1 Qxb1 35. Re2 Rxc3 36. Nf1 Rc2 37. Ne3 Rxe2+ 38. Kxe2 Nc6 39. g3 Nd4+ 40. Kd2 Nf3+ 41. Ke2 Qxe4 42. Kf2 Nd4 43. Kf1 Qf3+ 44. Kg1 Ne2# 0-1

[Event "RSA-ch U20 Girls"]
[Site "Cape Town"]
[Date "2019.12.08"]
[Round "2"]
[White "Shaw, Laurie Ann"]
[Black "Boshoma, Chisomo"]
[Result "1-0"]
[WhiteElo "1314"]
[BlackElo "1367"]
[PlyCount "113"]
[EventDate "2019.12.07"]
[EventType "tourn"]
[EventRounds "10"]
[EventCountry "RSA"]
[SourceTitle "CBM 193 Extra"]
[Source "ChessBase"]
[SourceDate "2020.01.31"]
[SourceVersion "1"]
[SourceVersionDate "2020.01.31"]
[SourceQuality "1"]

1. d4 d5 2. c4 e6 3. Nc3 c6 4. cxd5 cxd5 5. Nf3 h6 6. Bf4 Nf6 7. e3 Nc6 8. Bb5 a6 9. Bxc6+ bxc6 10. 0-0 Be7 11. Rc1 0-0 12. Na4 Bb7 13. Qb3 Ra7 14. Ne5 Ne4 15. Qc2 g5 16. Bg3 Nxg3 17. hxg3 Qa8 18. Nxc6 Bxc6 19. Qxc6 Qb8 20. Rc2 Bd6 21. Rfc1 Re8 22. Nc5 Rc8 23. Qa4 Qb5 24. Qxb5 axb5 25. a3 Rac7 26. Kf1 f5 27. Rc3 e5 28. Nd7 Rxc3 29. Rxc3 Rxc3 30. bxc3 e4 31. Nf6+ Kf7 32. Nxd5 Bxa3 33. Ke2 Bd6 34. Nb6 Ke6 35. c4 Bc7 36. c5 Bb8 37. d5+ Ke7 38. Kd2 h5 39. Kc3 Bxg3 40. fxg3 f4 41. exf4 gxf4 42. gxf4 e3 43. d6+ Kd8 44. c6 b4+ 45. Kd3 b3 46. c7+ Ke8 47. c8Q+ Kf7 48. Qf5+ Kg7 49. Nd7 b2 50. Qf6+ Kh7 51. Qxb2 e2 52. Qxe2 h4 53. Qh5+ Kg7 54. f5 h3 55. Qg6+ Kh8 56. f6 hxg2 57. Qg7# 1-0

[Event "World ol U16"]
[Site "Corum"]
[Date "2019.11.03"]
[Round "7.22"]
[White "Mekarapiruk, Nathasha"]
[Black "Shaw, Laurie Ann"]
[Result "0-1"]
[WhiteElo "1227"]
[BlackElo "1274"]
[PlyCount "152"]
[EventDate "2019.10.29"]
[EventType "team-swiss"]
[EventRounds "9"]
[EventCountry "TUR"]
[SourceTitle "CBM 192 Extra"]
[Source "Chessbase"]
[SourceDate "2019.11.06"]
[SourceVersion "1"]
[SourceVersionDate "2019.11.06"]
[SourceQuality "1"]
[WhiteTeam "Thailand II"]
[BlackTeam "South Africa III"]
[WhiteTeamCountry "THA"]
[BlackTeamCountry "RSA"]

1. e4 c5 2. Nf3 Nc6 3. d4 cxd4 4. Nxd4 g6 5. Nc3 Bg7 6. Be3 Nf6 7. Bc4 Qa5 8. 0-0 0-0 9. f3 d6 10. Qd2 Qb4 11. Nxc6 bxc6 12. Bb3 Nd7 13. Bh6 Qd4+ 14. Qxd4 Bxd4+ 15. Kh1 Re8 16. Rfd1 Bh8 17. Rd2 Nc5 18. Rad1 Nxb3 19. cxb3 Be6 20. Bg5 a5 21. Na4 Ra7 22. Rc2 c5 23. f4 Rb7 24. Rdc1 Rb4 25. e5 f6 26. exf6 exf6 27. Bh6 f5 28. Bg5 Bg7 29. Nc3 h6 30. Bh4 Rxf4 31. Bg3 Rd4 32. Nb5 Rd3 33. Re2 Bd7 34. Rxe8+ Bxe8 35. Nxd6 Bxb2 36. Rb1 Bc6 37. Nc4 Be4 38. Rf1 Bc3 39. Bc7 a4 40. bxa4 Rd4 41. Nd6 Rxa4 42. Nxe4 fxe4 43. Rf2 e3 44. Re2 Bd2 45. g3 Rxa2 46. Bb6 Rc2 47. Kg2 Kf7 48. Ba5 Rb2 49. Kf3 c4 50. Ke4 Bc3 51. Rxb2 Bxb2 52. Kxe3 Kf6 53. Kd2 Kf5 54. Kc2 Be5 55. Bd2 g5 56. h4 c3 57. Bxc3 Bxc3 58. Kxc3 Kg4 59. hxg5 hxg5 60. Kd3 Kxg3 61. Ke3 Kg2 62. Ke2 g4 63. Ke3 g3 64. Ke2 Kh2 65. Kf3 g2 66. Ke4 g1Q 67. Ke5 Qg4 68. Kf6 Kg3 69. Ke5 Kf3 70. Kf6 Qh5 71. Kg7 Kf4 72. Kf6 Qh6+ 73. Kf7 Ke5 74. Ke7 Qg7+ 75. Kd8 Kd6 76. Kc8 Qc7# 0-1

[Event "World ol U16"]
[Site "Corum"]
[Date "2019.10.31"]
[Round "4.23"]
[White "Shaw, Laurie Ann"]
[Black "Schonken, Christina"]
[Result "1-0"]
[WhiteElo "1274"]
[BlackElo "1166"]
[PlyCount "99"]
[EventDate "2019.10.29"]
[EventType "team-swiss"]
[EventRounds "9"]
[EventCountry "TUR"]
[SourceTitle "CBM 192 Extra"]
[Source "Chessbase"]
[SourceDate "2019.11.06"]
[SourceVersion "1"]
[SourceVersionDate "2019.11.06"]
[SourceQuality "1"]
[WhiteTeam "South Africa III"]
[BlackTeam "South Africa II"]
[WhiteTeamCountry "RSA"]
[BlackTeamCountry "RSA"]

1. d4 d5 2. c4 e6 3. Nc3 Nf6 4. cxd5 exd5 5. Bg5 c6 6. e3 Be7 7. Bd3 0-0 8. Qc2 Nbd7 9. Nf3 h6 10. Bh4 Ne4 11. Bxe7 Qxe7 12. Nxe4 dxe4 13. Bxe4 Nf6 14. Bd3 Re8 15. 0-0 Bg4 16. Ne5 Bd7 17. Bc4 Be6 18. Rac1 Rad8 19. Qb3 Nd5 20. Rfd1 b5 21. Nxc6 Qf6 22. Qxb5 Nc7 23. Qe5 Qxe5 24. Nxe5 Bxc4 25. Nxc4 Nd5 26. a3 Rb8 27. b4 Rec8 28. e4 Nf6 29. f3 Rc7 30. Nd6 Rd7 31. Rc8+ Rxc8 32. Nxc8 Kf8 33. e5 Nd5 34. Rc1 g6 35. Nd6 Ke7 36. Rc8 Rd8 37. Rxd8 Kxd8 38. Nxf7+ Ke7 39. Nxh6 Ne3 40. Kf2 Nc2 41. d5 Nxa3 42. Ng8+ Kd7 43. e6+ Ke8 44. d6 Nc4 45. Nf6+ Kf8 46. e7+ Kg7 47. e8Q Nxd6 48. Qe7+ Nf7 49. Ne8+ Kh6 50. Qh4# 1-0

[Event "Wch U14 Girls"]
[Site "Montevideo"]
[Date "2017.09.23"]
[Round "8"]
[White "Glinzner, Alva"]
[Black "Shaw, Laurie Ann"]
[Result "1-0"]
[WhiteElo "1766"]
[BlackElo "1326"]
[PlyCount "71"]
[EventDate "2017.09.17"]
[EventType "swiss"]
[EventRounds "11"]
[EventCountry "URU"]
[SourceTitle "CBM 180 Extra"]
[Source "ChessBase"]
[SourceDate "2017.10.06"]
[SourceVersion "1"]
[SourceVersionDate "2017.10.06"]
[SourceQuality "1"]

1. e4 c5 2. Nf3 Nc6 3. Bb5 Nd4 4. Nxd4 cxd4 5. Bc4 d6 6. 0-0 g6 7. Qf3 Nf6 8. Re1 e5 9. Qb3 Qe7 10. c3 dxc3 11. Nxc3 Bg7 12. d3 0-0 13. Bg5 Qd7 14. Rac1 b6 15. Rf1 Nh5 16. Nd5 h6 17. Be7 Qg4 18. h3 Qd7 19. Qb4 Nf4 20. Bxf8 Nxh3+ 21. Kh2 Nf4 22. Nxf4 exf4 23. Bxd6 Qg4 24. Qb5 Bd7 25. Bxf7+ Kh7 26. Qd5 f3 27. gxf3 Qh3+ 28. Kg1 Rd8 29. Bg3 Bf6 30. Qd6 Kg7 31. e5 Kxf7 32. Qxf6+ Ke8 33. e6 Bxe6 34. Rfe1 Kd7 35. Rc7+ Ke8 36. Qe7# 1-0

[Event "RSA-ch U14 Girls"]
[Site "Gauteng"]
[Date "2017.04.10"]
[Round "9"]
[White "Shaw, Laurie Ann"]
[Black "Bester, Carla"]
[Result "0-1"]
[WhiteElo "1257"]
[BlackElo "1081"]
[PlyCount "86"]
[EventDate "2017.04.05"]
[EventType "swiss"]
[EventRounds "11"]
[EventCountry "RSA"]
[SourceTitle "CBM 177 Extra"]
[Source "ChessBase"]
[SourceDate "2017.04.27"]
[SourceVersion "1"]
[SourceVersionDate "2017.04.27"]
[SourceQuality "1"]

1. d4 Nf6 2. c4 c5 3. d5 b5 4. cxb5 a6 5. b6 e6 6. Nc3 Bb7 7. e4 exd5 8. Nxd5 Nxd5 9. exd5 d6 10. Nf3 Nd7 11. Bf4 Nxb6 12. Bg3 Be7 13. Bd3 Bxd5 14. 0-0 0-0 15. a4 a5 16. Re1 Bc6 17. Qb3 d5 18. Rxe7 Bxa4 19. Bc7 Bxb3 20. Bxd8 Rfxd8 21. Rb7 Rdb8 22. Rxb8+ Rxb8 23. Rxa5 c4 24. Bf5 Na4 25. Rxd5 c3 26. Re5 cxb2 27. Re1 Ba2 28. Nd2 Nc3 29. Nb1 Bxb1 30. Bxb1 Kf8 31. f3 Nxb1 32. Rxb1 Ke7 33. Kf1 Kd6 34. Ke2 Kc5 35. Kd3 Rb3+ 36. Kc2 Kc4 37. Rxb2 Rxb2+ 38. Kxb2 Kd3 39. Kb3 Ke2 40. Kc4 Kf2 41. Kd5 Kxg2 42. h4 Kxf3 43. Kd6 Kg4 0-1

[Event "Johannesburg Redpath op"]
[Site "Johannesburg"]
[Date "2016.07.15"]
[Round "4"]
[White "Shaw, Laurie Ann"]
[Black "Tembo, Epah"]
[Result "0-1"]
[WhiteElo "1443"]
[BlackElo "1919"]
[PlyCount "60"]
[EventDate "2016.07.13"]
[EventType "swiss"]
[EventRounds "9"]
[EventCountry "RSA"]
[SourceTitle "CBM 173 Extra"]
[Source "ChessBase"]
[SourceDate "2016.08.29"]
[SourceVersion "1"]
[SourceVersionDate "2016.08.29"]
[SourceQuality "1"]

1. d4 d5 2. c4 e6 3. Nc3 Nf6 4. cxd5 exd5 5. Bg5 Be6 6. e3 Nbd7 7. Bd3 c6 8. Qc2 Qc7 9. Nf3 a6 10. 0-0 Bd6 11. Rfc1 Bg4 12. Nd2 Bxh2+ 13. Kh1 Bd6 14. e4 dxe4 15. Ndxe4 0-0-0 16. Nxd6+ Qxd6 17. d5 h6 18. Bxf6 Nxf6 19. Bf5+ Kb8 20. dxc6 Qxc6 21. Bxg4 Nxg4 22. Qf5 h5 23. Nd5 Rxd5 24. Qxf7 Qd6 25. g3 Rf8 26. Qxg7 Rxf2 27. Qh8+ Ka7 28. Qe8 Rh2+ 29. Kg1 Qxg3+ 30. Kf1 Qf2# 0-1

[Event "Johannesburg Redpath op"]
[Site "Johannesburg"]
[Date "2016.07.14"]
[Round "3"]
[White "Odendaal, Mikhal"]
[Black "Shaw, Laurie Ann"]
[Result "0-1"]
[WhiteElo "932"]
[BlackElo "1443"]
[PlyCount "70"]
[EventDate "2016.07.13"]
[EventType "swiss"]
[EventRounds "9"]
[EventCountry "RSA"]
[SourceTitle "CBM 173 Extra"]
[Source "ChessBase"]
[SourceDate "2016.08.29"]
[SourceVersion "1"]
[SourceVersionDate "2016.08.29"]
[SourceQuality "1"]

1. e4 c5 2. Nf3 Nc6 3. Bc4 g6 4. Nc3 Bg7 5. d3 d6 6. Ng5 e6 7. 0-0 Nge7 8. Be3 0-0 9. Bb3 a6 10. Rb1 b5 11. a3 Bb7 12. Nf3 Qd7 13. Ne2 Rfd8 14. Ng3 Rac8 15. c3 Rc7 16. d4 cxd4 17. cxd4 Rdc8 18. Re1 Na5 19. Ba2 Nec6 20. d5 Ne5 21. Bb6 Nac4 22. Bxc7 Rxc7 23. dxe6 fxe6 24. Nxe5 Bxe5 25. Bxc4 Rxc4 26. Rc1 Bxb2 27. Rxc4 bxc4 28. Qc2 c3 29. Ne2 Qc6 30. Nd4 Qc4 31. Qe2 Qxd4 32. Rd1 Qxe4 33. Qd3 Qxd3 34. Rxd3 c2 35. Rxd6 c1Q+ 0-1

[Event "RSA-ch U14 Girls"]
[Site "Bloemfontein"]
[Date "2016.03.24"]
[Round "8"]
[White "Shaw, Laurie Ann"]
[Black "Oberholzer, Imarie"]
[Result "1/2-1/2"]
[WhiteElo "1399"]
[BlackElo "1477"]
[PlyCount "39"]
[EventDate "2016.03.20"]
[EventType "swiss"]
[EventRounds "11"]
[EventCountry "RSA"]
[SourceTitle "CBM 171 Extra"]
[Source "ChessBase"]
[SourceDate "2016.04.26"]
[SourceVersion "1"]
[SourceVersionDate "2016.04.26"]
[SourceQuality "1"]

1. d4 Nf6 2. c4 c5 3. d5 b5 4. cxb5 a6 5. b6 Qxb6 6. Nc3 g6 7. e4 d6 8. Be2 Bg7 9. Nf3 Nbd7 10. 0-0 0-0 11. Nd2 a5 12. a4 Ba6 13. Bxa6 Rxa6 14. Nb5 Rb8 15. Nc4 Qd8 16. Re1 Ne5 17. Bd2 Nfd7 18. Nxe5 Bxe5 19. Bc3 Bxc3 20. bxc3 1/2-1/2

[Event "RSA-chT U14"]
[Site "Cape Town"]
[Date "2016.01.07"]
[Round "7.5"]
[White "Shaw, Laurie Ann"]
[Black "Riordan, Simon"]
[Result "0-1"]
[WhiteElo "1329"]
[BlackElo "1193"]
[PlyCount "26"]
[EventDate "2016.01.04"]
[EventType "team-tourn"]
[EventRounds "7"]
[EventCountry "RSA"]
[SourceTitle "CBM 170 Extra"]
[Source "ChessBase"]
[SourceDate "2016.02.25"]
[SourceVersion "1"]
[SourceVersionDate "2016.02.25"]
[SourceQuality "1"]
[WhiteTeam "Johannesburg Metro"]
[BlackTeam "Nelson Mandela Bay"]
[WhiteTeamCountry "RSA"]
[BlackTeamCountry "RSA"]

1. d4 d5 2. c4 c6 3. cxd5 cxd5 4. Nf3 Nc6 5. Nc3 Bg4 6. Bf4 Nf6 7. e3 e6 8. Bb5 Bb4 9. Qa4 Bxc3+ 10. bxc3 0-0 11. 0-0 Qb6 12. Bxc6 Qxc6 13. Rab1 Qxa4 0-1